000
00254as aa2200097a 44500
090
_a
SERIADAS
_b
00972
245
1
0
_a
Serie Documental
260
_b
Corporación Nacional de Investigación y Fomento Forestal
_a
Colombia
041
0
_a
Español
942
_c
REVISTA
999
_c
17119
_d
17119